Méthode de quasi-réversibilité et applications /

Guardado en:
Autor Principal: Lattès, Robert, 1927-
Otros Autores: Lions, J.-L. 1928-2001.
Formato: Libro
Idioma:French
Publicado: Paris : Dunod, 1967.
Series:Travaux et recherches mathématiques ; 15
Materias:
Etiquetas: Agregar Etiqueta
Sin Etiquetas, Sea el primero en etiquetar este registro!
LEADER 00768cam a22002175a 4500
001 MAT.inmabb005109
008 730615s1967####fr#a#####b####000#0#fre##
005 20170822164100.0
245 1 0 |a Méthode de quasi-réversibilité et applications /  |c R. Lattès, J.-L. Lions. 
260 |a Paris :  |b Dunod,  |c 1967. 
300 |a xii, 368 p. :  |b il. ;  |c 25 cm. 
440 0 |a Travaux et recherches mathématiques ;  |v 15 
504 |a Bibliografía: p. [365]-368. 
510 4 |a MR,  |c 38 #874 
100 1 |a Lattès, Robert,  |d 1927- 
700 1 |a Lions, J.-L.  |q (Jacques-Louis),  |d 1928-2001. 
084 |a 65.65 (35.00)  |2 MR 
650 0 |a Differential equations, Partial  |x Numerical solutions. 
010 |a  68084549  
040 |a DLC  |c NhD  |d OCoLC  |d DLC 
859 |h 65  |i L364m  |p A-2473  |b BIB. MATEMATICA